000 00617nam a2200229Ia 4500
003 OSt
005 20220923230654.0
006 a|||||r|||| 00| 0
007 ta
008 Pun
024 _a304,649
037 _cTextual
040 _aARTS
_cARTS
_bPun
041 _2Pun
_aPun
082 _aV236:1.M1, 153L0
100 _aਅFੋਕ, FਮFੇਰ ਸਿੰਘ
245 0 _aਮੱਧਕਾਲੀਨ ਪੰਜਾਬ
260 _c1970
650 _aਭਾਰਤੀਯ ਇਤਿਹਾਸ
942 _hV236:1.M1, 153L0
_cTEXL
_2CC
999 _c386458
_d386458